| 000 | 02121cam a2200553 4500 | ||
|---|---|---|---|
| 003 | PE-LiUPU | ||
| 005 | 20250731180153.0 | ||
| 020 | _a8428204055 | ||
| 035 | _a(Sirsi) i9788428204057 | ||
| 035 | _a(Sirsi) 51866 | ||
| 035 | _a(Sirsi) 51866 | ||
| 041 | _aes | ||
| 044 | _aes | ||
| 082 | 0 | 4 |
_a574.5 _bM26 |
| 082 | 0 | 4 |
_a574.5 _bM26 2005 |
| 100 | 1 |
_aMargalef, Ramón _eautor. |
|
| 245 |
_aEcología / _cRamón Margalef. |
||
| 264 | 1 |
_aBarcelona : _bOmega, _c2005 |
|
| 300 |
_a951 páginas : _bilustraciones ; _c26 centímetros. |
||
| 505 | 0 | _aEl medio -- El medio líquido -- La atmósfera -- Radiación, energía -- Mecánica de las envolturas fluidas -- El sustrato sólido -- Biogeografía -- Configuración de las áreas -- Proyección geográfica de la evolución -- Biogeografía hi | |
| 526 | _aSEG44 | ||
| 526 | _aSEG26 | ||
| 526 | _aP159 | ||
| 526 | _aP155 | ||
| 526 | _aP154 | ||
| 526 | _aP153 | ||
| 526 | _aP150 | ||
| 526 | _aP100 | ||
| 526 | _aP31 | ||
| 526 | _aP30 | ||
| 526 | _aP26 | ||
| 526 | _aP25 | ||
| 526 | _aP24 | ||
| 526 | _aP22 | ||
| 526 | _aP15 | ||
| 526 | _aP10 | ||
| 650 | 1 | 4 |
_aEcología _92193 |
| 859 |
_q69153 _h574.5 _iM26 |
||
| 910 |
_agl _b _clch _d20131206 |
||
| 910 |
_btqv _crmch _d20180105 |
||
| 942 |
_2ddc _cBOOK |
||
| 949 |
_a574.5 M26 _i69153 _lCCODEBUL1 _mBUL _tLIBRO _o.STAFF. Colección General |
||
| 949 |
_a574.5 M26 2005 _wDEWEY _c1 _iFJ06027 _lCCODEBUJ1 _mBUJ _p175.00 _r0 _sY _tBOOK _u2018-01-05 _xFIA _PP24 _0COMPRA _o.STAFF. Colección General Juliaca |
||
| 596 | _a1 3 | ||
| 999 |
_a574.5 M26 _wDEWEY _c56195 _i69153 _d56195 _e2016-4-4 _f2021-11-9 _g7 _lCCODEBUL1 _mBUL _n1 _p223.00 _q1 _r0 _sY _tBOOK _u2015-7-6 _xINGENIERIA _PP24 _0COMPRA _o.STAFF. Colección Ingenieria y Arquitectura |
||
| 999 |
_a574.5 M26 2005 _wDEWEY _c1 _iFJ06027 _d2019-6-6 _e2017-4-28 _f2022-1-25 _g4 _lCCODEBUJ1 _mBUJ _n3 _p175.00 _q1 _r0 _sY _tBOOK _u2017-1-25 _xINGENIERIA _PP24 _0COMPRA _o.STAFF. Colección General Juliaca |
||
| 980 |
_81 _gALBERTO SANCHEZ Responsable de Automatización |
||